000 00294nam a2200109Ia 4500
008 220204s9999 xx 000 0 und d
082 _a291.214
_bVAI
100 _aVAIDYANATHAN, K R
245 0 _aSri Krishna: The lord of Guruvayaur
260 _aBombay
_bBharatiya Vidyabhavan
_c1974
942 _cBK
999 _c38621
_d38621